000 00819nam a2200253Ia 4500
003 OSt
005 20220923225051.0
006 a|||||r|||| 00| 0
007 ta
008 220922b |||||||| |||| 00| 0 hin d
024 _a256,122
037 _cTextual
040 _aARTS
_cARTS
_bhin
041 _2hin
_ahin
082 _aQ132:24x, 152M2
100 _aवर्मा, वीरेन्द्र कुमार
_9160049
245 0 _aकठोपनिषद्
246 _aKaṭhopaniṣhad
260 _aवाराणसी
_b ज्ञानप्रकाश
_c1982
300 _a70पृ.
_ccm.
650 _aहिन्दी भाषा
942 _hQ132:24x, 152M2
_cTEXL
_2CC
999 _c375810
_d375810